Regula Fratrum et Sororum Tertii Ordinis Saecularis S. Dominici, nencon ejusdem Rituale ac summarium indulgentiarum, privilegiorum et indultorum / (Record n. 32186)
[ formato base ]
| 000 -LEADER | |
|---|---|
| fixed length control field | 00796nam a2200193 i 4500 |
| 003 - CONTROL NUMBER IDENTIFIER | |
| control field | IT-RoINE |
| 005 - DATE AND TIME OF LATEST TRANSACTION | |
| control field | 20191004112428.0 |
| 008 - FIXED-LENGTH DATA ELEMENTS--GENERAL INFORMATION | |
| fixed length control field | 191004s1941 it |||||r|||| 00| | lat d |
| 110 1# - MAIN ENTRY--CORPORATE NAME | |
| Corporate name or jurisdiction name as entry element | Gillet, Martin Stanislas, |
| Location of meeting | Arzobispo de Nicea, |
| Date of meeting or treaty signing | 1875-1951 |
| 9 (RLIN) | 63132 |
| 245 10 - TITLE STATEMENT | |
| Title | Regula Fratrum et Sororum Tertii Ordinis Saecularis S. Dominici, nencon ejusdem Rituale ac summarium indulgentiarum, privilegiorum et indultorum / |
| Statement of responsibility, etc | fr. Martini S. Gillet, magistri generali. |
| 260 ## - PUBLICATION, DISTRIBUTION, ETC. (IMPRINT) | |
| Place of publication, distribution, etc | Romae : |
| Name of publisher, distributor, etc | Ex domo generalia Ordinis, |
| Date of publication, distribution, etc | 1941. |
| 300 ## - PHYSICAL DESCRIPTION | |
| Extent | 79 p. ; |
| Dimensions | 15 cm. |
| 336 ## - CONTENT TYPE | |
| Source | rdacontent |
| Content type term | text |
| 337 ## - MEDIA TYPE | |
| Source | rdamedia |
| Media type term | unmediated |
| 338 ## - CARRIER TYPE | |
| Source | rdacarrier |
| Carrier type term | volume |
| 610 24 - SUBJECT ADDED ENTRY--CORPORATE NAME | |
| Corporate name or jurisdiction name as entry element | Tercera Orden de Santo Domingo |
| General subdivision | Reglas |
| 9 (RLIN) | 63133 |
| 650 #4 - SUBJECT ADDED ENTRY--TOPICAL TERM | |
| 9 (RLIN) | 8293 |
| Topical term or geographic name as entry element | Monacato y órdenes religiosas |
| General subdivision | Reglas |
| 942 ## - ADDED ENTRY ELEMENTS (KOHA) | |
| Item type | Monografías |
| Withdrawn status | Lost status | Damaged status | Not for loan | Home library | Current library | Date acquired | Total Checkouts | Full call number | Barcode | Date last seen | Price effective from | Koha item type |
|---|---|---|---|---|---|---|---|---|---|---|---|---|
| Iglesia Nacional Española en Roma | Iglesia Nacional Española en Roma | 04/10/2019 | FUE.HIS.ECL 82 | 58888 | 04/10/2019 | 04/10/2019 | Monografías |